000 02025nam a2200517 c 4500
999 _c152321
_d152321
003 BLK
005 20241101140327.0
008 180410b bul|||||r ||||||| ||bul||
010 _aKNG00158793000
040 _aBLK
041 _aBUL
_cBUL
072 7 _2bullib
_aЯ
_xАвтографи
072 7 _2bullib
_aН79
_xСпорт Н
072 7 _2bullib
_aК
_xКраезнание
080 _aФутбол
_b796.332
_x.085(497.215)(091)
_z796.332.085(497.215)(091)
080 _aСпорт. Спортни игри. Физическа култура. Вж и 613;615.82;685.6/.7; 723.8; 793.3; 794
_b796
_x:061.23(497.215)(091)
_z796:061.23(497.215)(091)
100 1 _aНанев, Наньо
_eпърви автор
_9303150
139 _aНанев, Наньо
_bН 21
245 1 0 _aОт ЖСК и "Локомотив" до "Аристон"
_bИстория на футбола в русенския квартал "Цветница" (бивш "Локомотив")
_cНаньо Нанев.
257 _aBGR
260 _bИзд. авт.
_c2014
300 _a104 с.
_bсъс сн., факс, табл.
_c22 см
380 _a79
500 _aБиблиогр. с. 102.
650 4 _aФутбол - България - история
_9263648
650 4 _aКлубове, спортни
_9294518
650 4 _aСпортни отбори - България
_9292748
650 4 _aРусе - спорт и физическа култура
_9284446
651 4 _aРусе
_9179462
651 4 _aБългария
_9241624
653 _aфутбол
653 _aЛокомотив
653 _aспортни клубове
653 _aистория
659 _aК
659 _aН
659 _aЯ
852 _aЦб 268278
852 _aК 796/799/Н 21 Н
856 4 _qpdf
856 4 _qpdf
942 _cKNG
_n0
_s1
_01
944 _aCR
_c28.03.2014
_lХристина Везирева
_k30535
944 _aED
_c10.07.2015
_lф /
_kЛюдмила_Стоянова
999 _d152321